| Tag |
First Indicator |
Second Indicator |
Subfields |
| LEADER |
00000cam a22000004a 4500 |
| 001 |
in00002528362 |
| 005 |
20151113115509.0 |
| 008 |
090629s2009 ilu b 001 0 eng |
| 010 |
|
|
|a 2009026591
|
| 020 |
|
|
|a 9780830838769 (pbk. : alk. paper)
|
| 020 |
|
|
|a 0830838767 (pbk. : alk. paper)
|
| 035 |
|
|
|a (OCoLC)ocn421949557
|
| 035 |
|
|
|a (OCoLC)421949557
|
| 040 |
|
|
|a DLC
|c DLC
|d BTCTA
|d C#P
|d UtOrBLW
|
| 049 |
|
|
|a TXAM
|
| 050 |
0 |
0 |
|a BL51
|b .E86 2009
|
| 082 |
0 |
0 |
|a 210
|2 22
|
| 100 |
1 |
|
|a Evans, C. Stephen.
|
| 245 |
1 |
0 |
|a Philosophy of religion :
|b thinking about faith /
|c C. Stephen Evans & R. Zachary Manis.
|
| 250 |
|
|
|a 2nd ed.
|
| 264 |
|
1 |
|a Downers Grove, Ill. :
|b IVP Academic,
|c [2009]
|
| 264 |
|
4 |
|c ©2009
|
| 300 |
|
|
|a 234 pages ;
|c 21 cm.
|
| 336 |
|
|
|a text
|b txt
|2 rdacontent
|
| 337 |
|
|
|a unmediated
|b n
|2 rdamedia
|
| 338 |
|
|
|a volume
|b nc
|2 rdacarrier
|
| 490 |
1 |
|
|a Contours of Christian philosophy
|
| 504 |
|
|
|a Includes bibliographical references and index.
|
| 505 |
0 |
|
|a General preface -- Preface to the second edition -- What is philosophy of religion? Philosophy of religion and other disciplines ; Philosophy of religion and philosophy ; Can thinking about religion be neutral? ; Fideism ; Neutralism ; Critical dialogue -- The theistic God : the project of natural theology. Concepts of God ; The theistic concept of God ; A case study : divine foreknowledge and human freedom ; The problem of religious language ; Natural theology ; Proofs of God's existence -- Classical arguments for God's existence. Ontological arguments ; Cosmological arguments ; Teleological arguments ; Moral arguments ; Conclusions: the value of theistic argument -- Religious experience. Types of religious experience ; Two models for understanding experience ; Experience of God as direct and mediated ; Are religious experiences veridical? ; Checking experiential claims -- Special acts of God : revelation and miracles. Special acts ; Theories of revelation ; Is the traditional view defensible? ; What is a miracle? ; Is it reasonable to believe in miracles? ; Can a revelation have special authority? -- Religion, modernity, and science. Modernity and religious belief ; Naturalism ; Do the natural sciences undermine religious belief? ; Objections from the social sciences ; Religious uses of modern atheism? -- The problem of evil. Types of evil, versions of the problem and types of responses ; The logical form of the problem ; The evidential form of the problem ; Horrendous evils and the problem of hell ; Divine hiddenness -- Faith(s) and reason. Faith : subjectivity in religious arguments ; The evidentialist challenge to religious belief ; Reformed epistemology ; The place of subjectivity in forming beliefs ; Interpretive judgments and the nature of a "cumulative case" ; Can faith be certain? ; Faith and doubt : can religious faith be tested? ; What is faith? ; Could one religion be true?
|
| 650 |
|
0 |
|a Religion
|x Philosophy.
|
| 650 |
|
0 |
|a Philosophical theology.
|
| 700 |
1 |
|
|a Manis, R. Zachary.
|
| 830 |
|
0 |
|a Contours of Christian philosophy.
|
| 938 |
|
|
|a Baker and Taylor
|b BTCP
|n BK0008472109
|
| 945 |
|
|
|a PromptCat
|b 836320
|
| 946 |
|
|
|a stk
|
| 947 |
|
|
|a A14839977655
|
| 994 |
|
|
|a 92
|b TXA
|
| 948 |
|
|
|a cataloged
|b h
|d 2009/11/19
|h c
|e asalazar
|f 4:24:28 pm
|
| 999 |
|
|
|a MARS
|
| 999 |
f |
f |
|s cc9b1631-7316-379d-9063-8a907f1a9f85
|i f773eca1-e627-3801-9775-11a94b34e6e8
|t 0
|
| 952 |
f |
f |
|p ric
|a Texas A&M University
|b Rellis Campus
|c Joint Library Facility
|d Remote Storage
|t 0
|e BL51 .E86 2009
|h Library of Congress classification
|i unmediated -- volume
|m A14839977655
|
| 998 |
f |
f |
|a BL51 .E86 2009
|t 0
|l Remote Storage
|